Passive Minecraft Mobs - Statistics

General Stats
  • This quiz has been taken 5 times
  • The average score is 27 of 33
Answer Stats
Answer % Correct
Allay
100%
Bat
100%
Cat
100%
Chicken
100%
Cow
100%
Glow Squid
100%
Horse
100%
Mule
100%
Pig
100%
Salmon
100%
Sheep
100%
Snow Golem
100%
Squid
100%
Tropical Fish
100%
Turtle
100%
Villager
100%
Axolotl
80%
Cod
80%
Donkey
80%
Frog
80%
Ocelot
80%
Parrot
80%
Armadillo
60%
Camel
60%
Pufferfish
60%
Rabbit
60%
Skeleton Horse
60%
Sniffer
60%
Strider
60%
Tadpole
60%
Wandering Trader
60%
Happy Ghast
40%
Mooshroom
40%
No matching quizzes found
Score Distribution
Percent of People with Each Score
Percentile by Number Answered
Your Score History
You have not taken this quiz